DATAKON 2002 : Zborník databázovej konferencie. Brno, Czech Republic. 19.- 22. Oct. 2002 /

Gespeichert in:
Bibliographische Detailangaben
Weitere Verfasser: Chlapek, Dušan (Zusammenstellung)
Format: Buch
Sprache:Slowakisch
Tschechisch
Englisch
Veröffentlicht: Brno : Masarykova univerzita, 2002
Schlagworte:
Tags: Tag hinzufügen
Keine Tags, Fügen Sie das erste Tag hinzu!

MARC

LEADER 00000nam a22000003a 4500
001 stu77775
005 20150617225642.1
008 021030s2002----xr------------------slo-d
020 |a 80-210-2958-7 
040 |a STU  |b slo 
041 0 |a slo  |a cze  |a eng 
044 |a xr 
080 |a 681.32.016 
080 |a 519.683.5 
080 |a 061.3(08) 
084 |a C1230  |2 INS 
084 |a C6160  |2 INS  |7 stu_us_auth*stu16331 
084 |a C6170  |2 INS 
084 |a C7250  |2 INS 
100 1 |a Chlapek, Dušan  |4 com 
245 1 |a DATAKON 2002 :  |b Zborník databázovej konferencie. Brno, Czech Republic. 19.- 22. Oct. 2002 /  |c Edit. Chlapek, Dušan 
260 |a Brno :  |b Masarykova univerzita,  |c 2002 
300 |a 379 s 
650 7 |a dátabázové systémy  |2 stusub 
650 7 |a objektovo orientované systémy  |2 stusub 
650 7 |a vyhľadávanie informácií  |2 stusub 
650 7 |a znalostné systémy  |2 stusub 
650 7 |a znalostné inžinierstvo  |2 stusub 
996 |c I*Z7636  |l I  |s A  |a 24  |w stu77775_0001